<?xml version="1.0" encoding="UTF-8"?>
<collection xmlns="http://www.loc.gov/MARC21/slim">
  <record>
    <leader>00000nam  2200000   4500</leader>
    <controlfield tag="001">INLIS000000000018744</controlfield>
    <controlfield tag="005">20241210111044</controlfield>
    <datafield tag="035" ind1="#" ind2="#">
      <subfield code="a">0010-1224000115</subfield>
    </datafield>
    <controlfield tag="007">ta</controlfield>
    <controlfield tag="008">241210################g##########0#ind##</controlfield>
    <datafield tag="020" ind1="#" ind2="#">
      <subfield code="a">979 694 406 5</subfield>
    </datafield>
    <datafield tag="082" ind1="#" ind2="#">
      <subfield code="a">658.81</subfield>
    </datafield>
    <datafield tag="084" ind1="#" ind2="#">
      <subfield code="a">658.81 VAL m</subfield>
    </datafield>
    <datafield tag="100" ind1=" " ind2="#">
      <subfield code="a">Valentine, James Lee</subfield>
    </datafield>
    <datafield tag="245" ind1="1" ind2="#">
      <subfield code="a">MLM Power Puncak Tertinggi :</subfield>
      <subfield code="b">Pemberdayaan Pemasaran Berbasis Jaringan /</subfield>
      <subfield code="c">James Lee Valentine</subfield>
    </datafield>
    <datafield tag="250" ind1="#" ind2="#">
      <subfield code="a">Cetakan ke 2</subfield>
    </datafield>
    <datafield tag="260" ind1="#" ind2="#">
      <subfield code="a">Jakarta :</subfield>
      <subfield code="b">Bhuana Ilmu Populer,</subfield>
      <subfield code="c">2004</subfield>
    </datafield>
    <datafield tag="300" ind1="#" ind2="#">
      <subfield code="a">339 halaman :</subfield>
      <subfield code="b">ilus ;</subfield>
      <subfield code="c">22,5 cm</subfield>
    </datafield>
    <datafield tag="650" ind1="#" ind2="4">
      <subfield code="a">Marketing</subfield>
    </datafield>
    <datafield tag="520" ind1="#" ind2="#">
      <subfield code="a">Buku MLM Power ini menjadi sebuah pedoman yang luas agar Anda dapat sepenuhnya diberdayakan di dalam peluang jaringan Anda yang spesifik. &#13;
&#13;
James Lee Valentine telah merangkai prinsip-prinsip MLM &amp; Pemasaran Berbasis Jaringan yang potensial ini dengan diilhami oleh filosofi POWER yang dikembangkannya sendiri dan yang telah membantu mengobarkan hasrat hidup sepenuhnya yang tidak terpadamkan.&#13;
&#13;
Rasakan energi yang terkandung di dalam buku yang menantang ini. Bacalah secara berurutan setiap bagian yang mampu mengubah kehidupan, merancang sebuah kehidupan yang memancarkan kecemerlangan, dan menjalani setiap hari yang luar biasa dengan penuh semangat... mulai sekarang!</subfield>
    </datafield>
    <datafield tag="990" ind1="#" ind2="#">
      <subfield code="a">06049989</subfield>
    </datafield>
    <datafield tag="990" ind1="#" ind2="#">
      <subfield code="a">06049990</subfield>
    </datafield>
    <datafield tag="990" ind1="#" ind2="#">
      <subfield code="a">06049991</subfield>
    </datafield>
  </record>
</collection>
